=LDR 00000nam 2200000 4500 =001 INLIS000000000039543 =005 20130612145150 =008 ***********************************Ind** =035 ##$$a0010-061300000039543 =041 ##$$a Ind =082 ##$$a 362.293 =090 ##$$a 362.293, Apa k =100 ##$$a Apandi, Yusuf =245 ##$$a Katakan Tidak Pada Narkoba, Yusuf Apandi ; Editor, Nunik Siti Nurbaya =260 ##$$a 2010 $b Bandung =300 ##$$a 186 Hlm, 21 Cm =700 ##$$a Nurbaya, Nunik Siti =850 ##$$a NBPNMAT =990 ##$$a 21400431/BPAP-NTB/2014